[Event "Florianopolis op 10th"]
[Site "Florianopolis"]
[Date "2024.01.21"]
[Round "2"]
[White "Costa, Ricardo Santos"]
[Black "Costa, Flavio Luis Cesar"]
[Result "1/2-1/2"]
[WhiteElo "1731"]
[BlackElo "1994"]
[PlyCount "44"]
[EventDate "2024.01.20"]
[EventType "swiss"]
[EventRounds "10"]
[EventCountry "BRA"]
[SourceTitle "CB05_2024"]
[SourceDate "2024.01.31"]
[SourceVersion "1"]
[SourceVersionDate "2024.01.31"]
[SourceQuality "1"]

1. e4 c6 2. d4 d5 3. exd5 cxd5 4. Nf3 Nc6 5. c4 Nf6 6. Bd3 Bg4 7. Be3 dxc4 8. Bxc4 e6 9. 0-0 Be7 10. Nc3 0-0 11. a3 Rc8 12. Be2 a6 13. Rc1 Qa5 14. Qa4 Qxa4 15. Nxa4 Nd5 16. Nc3 Rfd8 17. h3 Bf5 18. Nxd5 exd5 19. Rc3 Na5 20. Rfc1 Rxc3 21. Rxc3 Rc8 22. Rxc8+ Bxc8 1/2-1/2

[Event "Campos do Jordao op"]
[Site "Campos do Jordao"]
[Date "2024.01.13"]
[Round "2"]
[White "Costa, Flavio Luis Cesar"]
[Black "Mangini, Bruno Fernandes"]
[Result "1-0"]
[WhiteElo "1994"]
[BlackElo "1728"]
[PlyCount "73"]
[EventDate "2024.01.12"]
[EventType "swiss"]
[EventRounds "5"]
[EventCountry "BRA"]
[SourceTitle "CB04_2024"]
[SourceDate "2023.10.16"]
[SourceVersion "1"]
[SourceVersionDate "2023.10.16"]
[SourceQuality "1"]

1. e4 c6 2. d4 d5 3. exd5 cxd5 4. c4 Nf6 5. Nc3 Nc6 6. Bg5 Be6 7. Be2 Qa5 8. Nf3 Ne4 9. 0-0 Nxc3 10. bxc3 dxc4 11. Rb1 h6 12. Be3 Bd5 13. a4 Qc7 14. Nd2 Na5 15. Bf3 e6 16. Bxd5 exd5 17. Qh5 Rd8 18. Rfe1 Be7 19. Rb5 0-0 20. Rxd5 Rxd5 21. Qxd5 Bf6 22. Qf5 Re8 23. Rb1 Re6 24. h3 b6 25. Rb5 Qe7 26. Qc2 Bg5 27. Nf1 Nb3 28. Bxg5 hxg5 29. Ne3 f6 30. Rd5 Na5 31. Qg6 Qe8 32. Qf5 g6 33. Qg4 Kf7 34. h4 gxh4 35. Qxh4 Kg7 36. Ng4 Qf7 37. Qh6+ 1-0

[Event "Campos do Jordao op"]
[Site "Campos do Jordao"]
[Date "2024.01.12"]
[Round "1"]
[White "Santos, Marcos Correia"]
[Black "Costa, Flavio Luis Cesar"]
[Result "0-1"]
[WhiteElo "1564"]
[BlackElo "1994"]
[PlyCount "74"]
[EventDate "2024.01.12"]
[EventType "swiss"]
[EventRounds "5"]
[EventCountry "BRA"]
[SourceTitle "CB04_2024"]
[SourceDate "2023.10.16"]
[SourceVersion "1"]
[SourceVersionDate "2023.10.16"]
[SourceQuality "1"]

1. e4 e6 2. d3 c5 3. Nf3 Nc6 4. g3 Nge7 5. Bg2 g6 6. 0-0 Bg7 7. Re1 d6 8. c3 e5 9. Be3 0-0 10. Na3 h6 11. Qd2 Kh7 12. Rad1 b6 13. Qc1 d5 14. h3 d4 15. Bd2 Be6 16. c4 Qd7 17. Kh2 f5 18. Ng1 fxe4 19. dxe4 Rxf2 20. Rf1 Raf8 21. Rxf2 Rxf2 22. Rf1 Rxf1 23. Qxf1 Nc8 24. b3 Nd6 25. Nc2 a6 26. Ne1 b5 27. cxb5 axb5 28. Nd3 Qa7 29. Qc1 c4 30. Nb4 Nxb4 31. Bxb4 Nb7 32. Qc2 Nc5 33. Bxc5 Qxc5 34. h4 d3 35. Qb1 Bg4 36. Qc1 c3 37. a4 d2 0-1

[Event "Pindamonhangaba Rezende Memorial"]
[Site "Pindamonhangaba"]
[Date "2023.08.04"]
[Round "1"]
[White "Ataide, Gerson Britto"]
[Black "Costa, Flavio Luis Cesar"]
[Result "0-1"]
[WhiteElo "1462"]
[BlackElo "2006"]
[PlyCount "48"]
[EventDate "2023.08.04"]
[EventType "swiss"]
[EventRounds "6"]
[EventCountry "BRA"]
[SourceTitle "CBM 215 Extra"]
[Source "ChessBase"]
[SourceDate "2023.09.30"]
[SourceVersion "1"]
[SourceVersionDate "2023.09.30"]
[SourceQuality "1"]

1. e4 c5 2. Nf3 g6 3. Nc3 Bg7 4. d4 cxd4 5. Nxd4 Nc6 6. Be3 Nf6 7. Bc4 0-0 8. Bb3 Re8 9. 0-0 d6 10. f3 Bd7 11. Qd2 Na5 12. Rad1 Rc8 13. Rfe1 Nc4 14. Bxc4 Rxc4 15. Nb3 b5 16. Bxa7 b4 17. Ne2 Qc7 18. Bd4 Rxc2 19. Rc1 Rxc1 20. Rxc1 Qb7 21. Rc2 Rc8 22. Nec1 Be6 23. Nd3 Bxb3 24. Bxf6 Bxc2 0-1

[Event "Sao Jose dos Campos op"]
[Site "Sao Jose dos Campos"]
[Date "2023.05.28"]
[Round "5"]
[White "Costa, Flavio Luis Cesar"]
[Black "Parijos de Melo, Luiz Claudio"]
[Result "1/2-1/2"]
[WhiteElo "2016"]
[BlackElo "1733"]
[PlyCount "58"]
[EventDate "2023.05.26"]
[EventType "swiss"]
[EventRounds "5"]
[EventCountry "BRA"]
[SourceTitle "CBM 214 Extra"]
[Source "ChessBase"]
[SourceDate "2023.07.31"]
[SourceVersion "1"]
[SourceVersionDate "2023.07.31"]
[SourceQuality "1"]

1. Nf3 Nf6 2. g3 b6 3. Bg2 Bb7 4. d4 e6 5. 0-0 Be7 6. b3 d6 7. Bb2 Nbd7 8. Nbd2 0-0 9. c4 c5 10. Qc2 cxd4 11. Bxd4 Rc8 12. Qb2 Qc7 13. Rac1 Qb8 14. Rfd1 Rfd8 15. Nf1 h6 16. Ne3 Qa8 17. h3 Nc5 18. Ng4 Nxg4 19. hxg4 e5 20. Bxc5 bxc5 21. Qc2 e4 22. Nh2 e3 23. f3 Bf6 24. Qf5 Bd4 25. g5 hxg5 26. Qxg5 Re8 27. Bh3 Rc7 28. Bf5 Qd8 29. Qxd8 Rxd8 1/2-1/2

[Event "Sao Jose dos Campos op"]
[Site "Sao Jose dos Campos"]
[Date "2023.05.27"]
[Round "4"]
[White "Caris, Eduardo"]
[Black "Costa, Flavio Luis Cesar"]
[Result "1/2-1/2"]
[WhiteElo "1883"]
[BlackElo "2016"]
[PlyCount "56"]
[EventDate "2023.05.26"]
[EventType "swiss"]
[EventRounds "5"]
[EventCountry "BRA"]
[SourceTitle "CBM 214 Extra"]
[Source "ChessBase"]
[SourceDate "2023.07.31"]
[SourceVersion "1"]
[SourceVersionDate "2023.07.31"]
[SourceQuality "1"]

1. c4 Nf6 2. g3 g6 3. Bg2 Bg7 4. Nf3 0-0 5. Nc3 d6 6. 0-0 c5 7. d4 Nc6 8. d5 Na5 9. Nd2 e6 10. Qc2 Re8 11. e4 exd5 12. cxd5 Bd7 13. b3 b5 14. Bb2 Rc8 15. Rac1 Qb6 16. h3 b4 17. Nd1 Bb5 18. Re1 Nxd5 19. Bxg7 Kxg7 20. Qb2+ Kg8 21. Nc4 Bxc4 22. bxc4 Nc3 23. Nxc3 bxc3 24. Qxb6 axb6 25. Rxc3 Nc6 26. Rb3 Na5 27. Rd3 Nc6 28. Rb3 Na5 1/2-1/2

[Event "Sao Jose dos Campos op"]
[Site "Sao Jose dos Campos"]
[Date "2023.05.26"]
[Round "1"]
[White "Costa, Flavio Luis Cesar"]
[Black "Nobre, Jailson Altair Barb"]
[Result "1-0"]
[WhiteElo "2016"]
[BlackElo "1625"]
[PlyCount "49"]
[EventDate "2023.05.26"]
[EventType "swiss"]
[EventRounds "5"]
[EventCountry "BRA"]
[SourceTitle "CBM 214 Extra"]
[Source "ChessBase"]
[SourceDate "2023.07.31"]
[SourceVersion "1"]
[SourceVersionDate "2023.07.31"]
[SourceQuality "1"]

1. e4 c5 2. Nf3 e6 3. d4 cxd4 4. Nxd4 a6 5. Nc3 Qc7 6. g3 Nf6 7. Bg2 Be7 8. 0-0 0-0 9. f4 d6 10. Be3 Nc6 11. Nb3 b5 12. a3 Bb7 13. g4 Rfd8 14. g5 Nd7 15. Qh5 Nf8 16. Rf3 Na5 17. Nd2 Nc4 18. Nxc4 Qxc4 19. Bf1 Qc7 20. Bd3 g6 21. Qh6 e5 22. f5 f6 23. Raf1 fxg5 24. fxg6 Nxg6 25. Rf7 1-0

[Event "Pindamonhangaba op 7th"]
[Site "Pindamonhangaba"]
[Date "2023.03.25"]
[Round "3"]
[White "Rangel, Daniel"]
[Black "Costa, Flavio Luis Cesar"]
[Result "0-1"]
[WhiteElo "2220"]
[BlackElo "2010"]
[PlyCount "96"]
[EventDate "2023.03.24"]
[EventType "swiss"]
[EventRounds "5"]
[EventCountry "BRA"]
[SourceTitle "CBM 213 Extra"]
[Source "ChessBase"]
[SourceDate "2023.05.31"]
[SourceVersion "1"]
[SourceVersionDate "2023.05.31"]
[SourceQuality "1"]

1. c4 Nf6 2. g3 g6 3. Bg2 Bg7 4. Nc3 0-0 5. e3 d6 6. Nge2 c5 7. 0-0 Nc6 8. b3 a6 9. Bb2 Rb8 10. d3 Bd7 11. Qd2 b5 12. Rad1 e6 13. h3 Qb6 14. Kh2 Ne7 15. g4 d5 16. g5 Nh5 17. f4 Bc6 18. cxd5 exd5 19. e4 Rbd8 20. Qc1 d4 21. Nb1 f6 22. Ba3 b4 23. gxf6 Rxf6 24. Bb2 Rdf8 25. f5 gxf5 26. Qg5 Be8 27. Nd2 Qc7+ 28. Kh1 Rg6 29. Qh4 Bf6 30. Qf2 f4 31. Nf3 Kh8 32. Rc1 Rfg8 33. Rg1 Qd6 34. e5 Qe6 35. exf6 Nf5 36. Rxc5 Qxe2 37. Qxe2 Nhg3+ 38. Kh2 Nxe2 39. Rxf5 Nxg1 40. Nh4 Rxg2+ 41. Nxg2 Nf3+ 42. Kh1 Rxg2 43. Kxg2 Nh4+ 44. Kf2 Nxf5 45. Kf3 Kg8 46. Kxf4 Bd7 47. Ke4 Kf7 48. Bc1 Ng3+ 0-1

[Event "Sao Jose dos Campos op"]
[Site "Sao Jose dos Campos"]
[Date "2022.09.11"]
[Round "7"]
[White "Costa, Flavio Luis Cesar"]
[Black "Parijos de Melo, Luiz Claudio"]
[Result "0-1"]
[WhiteElo "2022"]
[BlackElo "1739"]
[PlyCount "58"]
[EventDate "2022.09.08"]
[EventType "swiss"]
[EventRounds "7"]
[EventCountry "BRA"]
[SourceTitle "CBM 210 Extra"]
[Source "ChessBase"]
[SourceDate "2022.11.30"]
[SourceVersion "1"]
[SourceVersionDate "2022.11.30"]
[SourceQuality "1"]

1. e4 c5 2. Nf3 e6 3. d4 cxd4 4. Nxd4 Nf6 5. Nc3 Nc6 6. Ndb5 Bb4 7. a3 Bxc3+ 8. Nxc3 d5 9. exd5 exd5 10. Bd3 0-0 11. 0-0 d4 12. Ne2 Bg4 13. f3 Bh5 14. Nf4 Bg6 15. Nxg6 hxg6 16. f4 Nd5 17. Qf3 Re8 18. Bd2 Rc8 19. Qh3 Ne3 20. Rf3 Qf6 21. Kh1 Ne7 22. c4 Nxc4 23. Bxc4 Rxc4 24. Re1 Rec8 25. Qd7 R4c7 26. Qa4 Nc6 27. g4 Re7 28. Ref1 Qh4 29. Qc4 Rcc7 0-1

[Event "Sao Jose dos Campos op"]
[Site "Sao Jose dos Campos"]
[Date "2022.09.10"]
[Round "5"]
[White "Costa, Flavio Luis Cesar"]
[Black "Deus Filho, Joaquim"]
[Result "1-0"]
[WhiteElo "2022"]
[BlackElo "1857"]
[PlyCount "109"]
[EventDate "2022.09.08"]
[EventType "swiss"]
[EventRounds "7"]
[EventCountry "BRA"]
[SourceTitle "CBM 210 Extra"]
[Source "ChessBase"]
[SourceDate "2022.11.30"]
[SourceVersion "1"]
[SourceVersionDate "2022.11.30"]
[SourceQuality "1"]

1. e4 c5 2. Nf3 d6 3. d4 cxd4 4. Nxd4 Nf6 5. Nc3 a6 6. h3 e5 7. Nde2 h6 8. g4 Be7 9. Bg2 Be6 10. 0-0 Nbd7 11. Be3 b5 12. Nd5 Bxd5 13. exd5 Nb6 14. b3 Nfd7 15. Ng3 Qc7 16. Ne4 Nf6 17. Ng3 Nfd7 18. Rc1 Bg5 19. Qd2 Bxe3 20. fxe3 Rc8 21. Be4 Nf6 22. Rxf6 gxf6 23. Qf2 Qd8 24. Nh5 Nd7 25. Rf1 Rc5 26. a3 Qe7 27. Ng7+ Kd8 28. Nf5 Qf8 29. Qd2 Kc7 30. b4 Rc4 31. Bd3 Nb6 32. Ng3 Qd8 33. Nh5 Kb7 34. Bxc4 Nxc4 35. Qd3 e4 36. Qd4 Qb6 37. Rxf6 Qxd4 38. Rxf7+ Kc8 39. exd4 e3 40. Kf1 Re8 41. Ke2 Nxa3 42. Nf6 Rh8 43. c3 Nb1 44. Ne4 Kb8 45. Rf1 Nd2 46. Nxd2 exd2 47. Kxd2 Rh7 48. Rf6 Kc7 49. Ke3 Kd7 50. Re6 Kc7 51. Kf4 h5 52. g5 Rf7+ 53. Rf6 Re7 54. g6 Re1 55. Kg5 1-0

[Event "Mombaca op 6th"]
[Site "Mombaca"]
[Date "2022.08.21"]
[Round "6"]
[White "Casalaspro, Mathias Andre"]
[Black "Costa, Flavio Luis Cesar"]
[Result "1/2-1/2"]
[WhiteElo "1738"]
[BlackElo "2041"]
[PlyCount "39"]
[EventDate "2022.08.19"]
[EventType "swiss"]
[EventRounds "6"]
[EventCountry "BRA"]
[SourceTitle "CBM 210 Extra"]
[Source "ChessBase"]
[SourceDate "2022.11.30"]
[SourceVersion "1"]
[SourceVersionDate "2022.11.30"]
[SourceQuality "1"]

1. e4 c6 2. d4 d5 3. Nc3 dxe4 4. Nxe4 Nf6 5. Nxf6+ exf6 6. c3 Bd6 7. Bd3 0-0 8. Qc2 Re8+ 9. Ne2 h5 10. 0-0 h4 11. h3 Nd7 12. Bf4 Nf8 13. Bxd6 Qxd6 14. Qd2 Ng6 15. Rfe1 Be6 16. Bxg6 fxg6 17. Qf4 Qxf4 18. Nxf4 Bf7 19. a3 b6 20. f3 1/2-1/2

[Event "Mombaca op 6th"]
[Site "Mombaca"]
[Date "2022.08.20"]
[Round "4"]
[White "Simas, Breno Matos"]
[Black "Costa, Flavio Luis Cesar"]
[Result "1/2-1/2"]
[WhiteElo "1715"]
[BlackElo "2041"]
[PlyCount "66"]
[EventDate "2022.08.19"]
[EventType "swiss"]
[EventRounds "6"]
[EventCountry "BRA"]
[SourceTitle "CBM 210 Extra"]
[Source "ChessBase"]
[SourceDate "2022.11.30"]
[SourceVersion "1"]
[SourceVersionDate "2022.11.30"]
[SourceQuality "1"]

1. d4 Nf6 2. c4 e6 3. Nf3 d5 4. g3 Bb4+ 5. Bd2 Bd6 6. Bg2 0-0 7. Qc2 c6 8. 0-0 Nbd7 9. Bg5 h6 10. Bxf6 Nxf6 11. Nbd2 b6 12. e4 dxe4 13. Nxe4 Nxe4 14. Qxe4 Ba6 15. b3 Rc8 16. Ne5 Bb7 17. Qe2 Qc7 18. Rfe1 c5 19. Rad1 Bxg2 20. Kxg2 cxd4 21. Rxd4 Bxe5 22. Qxe5 Qxe5 23. Rxe5 Rfd8 24. Ree4 Kf8 25. Kf3 Ke7 26. Ke3 f6 27. Rxd8 Rxd8 28. Rd4 Rxd4 29. Kxd4 Kd6 30. f4 a5 31. a3 h5 32. b4 Kc6 33. Ke4 Kd6 1/2-1/2

[Event "Sao Jose dos Campos op"]
[Site "Sao Jose dos Campos"]
[Date "2021.10.12"]
[Round "6"]
[White "Costa, Flavio Luis Cesar"]
[Black "Rodrigues Mota, Romulo Cardoso S"]
[Result "0-1"]
[WhiteElo "2104"]
[BlackElo "1759"]
[PlyCount "78"]
[EventDate "2021.10.09"]
[EventType "swiss"]
[EventRounds "7"]
[EventCountry "BRA"]
[SourceTitle "CBM 204 Extra"]
[Source "ChessBase"]
[SourceDate "2021.11.30"]
[SourceVersion "1"]
[SourceVersionDate "2021.11.30"]
[SourceQuality "1"]

1. e4 c5 2. Nf3 g6 3. d4 cxd4 4. Nxd4 Nf6 5. Nc3 Bg7 6. e5 Ng8 7. f4 Nc6 8. Nxc6 bxc6 9. Bc4 Qb6 10. Qf3 Nh6 11. f5 Qd4 12. Bxh6 Bxh6 13. Qe2 gxf5 14. Rf1 Qe3 15. Rd1 e6 16. Rd3 Qxe2+ 17. Kxe2 Rb8 18. Na4 Rb4 19. b3 Rg8 20. Kf2 Rg4 21. Nb2 Bg7 22. Re3 d5 23. a3 Rb8 24. Be2 Re4 25. Nd3 c5 26. Rd1 a5 27. Rg3 Bxe5 28. Rg8+ Ke7 29. Bf3 Bd4+ 30. Kg3 Re3 31. Kh4 a4 32. bxa4 Kd7 33. Rf8 c4 34. Rxf7+ Ke8 35. Bh5 cxd3 36. Rxf5+ Ke7 37. Rf7+ Kd6 38. cxd3 Bd7 39. Rxh7 Bf6+ 0-1

[Event "Sao Jose dos Campos op"]
[Site "Sao Jose dos Campos"]
[Date "2021.10.10"]
[Round "3"]
[White "Itagyba, Renan Fortes"]
[Black "Costa, Flavio Luis Cesar"]
[Result "1/2-1/2"]
[WhiteElo "1715"]
[BlackElo "2104"]
[PlyCount "62"]
[EventDate "2021.10.09"]
[EventType "swiss"]
[EventRounds "7"]
[EventCountry "BRA"]
[SourceTitle "CBM 204 Extra"]
[Source "ChessBase"]
[SourceDate "2021.11.30"]
[SourceVersion "1"]
[SourceVersionDate "2021.11.30"]
[SourceQuality "1"]

1. e4 c6 2. Nc3 d5 3. Nf3 Bg4 4. h3 Bxf3 5. Qxf3 e6 6. exd5 cxd5 7. d4 Nf6 8. Bd3 Nc6 9. Ne2 Be7 10. c3 0-0 11. Bf4 Bd6 12. 0-0 Bxf4 13. Qxf4 Qb6 14. Rab1 a5 15. b3 Rfd8 16. Rfd1 Rac8 17. Qe3 Re8 18. Qg3 e5 19. Bf5 Rcd8 20. dxe5 Rxe5 21. Nd4 Rde8 22. Nxc6 Rxf5 23. Nd4 Ne4 24. Re1 Rfe5 25. Qd3 g6 26. Re2 Qf6 27. Nf3 R5e6 28. Rc1 Qf4 29. Rce1 Qf6 30. Qxd5 Nxc3 31. Rxe6 Nxd5 1/2-1/2

[Event "Sao Jose dos Campos op"]
[Site "Sao Jose dos Campos"]
[Date "2021.10.09"]
[Round "1"]
[White "De Souza, Jose Alberto Martim"]
[Black "Costa, Flavio Luis Cesar"]
[Result "0-1"]
[WhiteElo "1572"]
[BlackElo "2104"]
[PlyCount "89"]
[EventDate "2021.10.09"]
[EventType "swiss"]
[EventRounds "7"]
[EventCountry "BRA"]
[SourceTitle "CBM 204 Extra"]
[Source "ChessBase"]
[SourceDate "2021.11.30"]
[SourceVersion "1"]
[SourceVersionDate "2021.11.30"]
[SourceQuality "1"]

1. e4 c6 2. Nf3 d5 3. exd5 cxd5 4. d4 Nf6 5. Bd3 Bg4 6. Bf4 e6 7. Nbd2 Bd6 8. Bg5 0-0 9. 0-0 Nbd7 10. h3 Bh5 11. Re1 Rc8 12. c3 Qc7 13. Nf1 Bg6 14. Bxg6 hxg6 15. N1d2 b5 16. a3 a5 17. Qe2 b4 18. axb4 axb4 19. Rec1 Qb8 20. c4 dxc4 21. Nxc4 Bf4 22. Bxf4 Qxf4 23. Qd2 Nd5 24. Qe1 Rc7 25. Ne3 N7f6 26. Rxc7 Qxc7 27. Nd1 Qc4 28. Ne3 Qb3 29. Qd2 Ne4 30. Qc1 Nf4 31. Qc2 Qxc2 32. Nxc2 b3 33. Nce1 Rd8 34. Ra3 Ne2+ 35. Kf1 Nxd4 36. Nxd4 Rxd4 37. Nf3 Rb4 38. Ke2 f6 39. Ke3 e5 40. Nd2 Nc5 41. f3 g5 42. g4 Kf7 43. Ne4 Na4 44. Nc3 Nxc3 45. bxc3 0-1

[Event "Sao Jose dos Campos IRT op"]
[Site "Sao Jose dos Campos"]
[Date "2020.12.20"]
[Round "5"]
[White "Costa, Flavio Luis Cesar"]
[Black "Do Valle Cardoso, Lucas"]
[Result "1/2-1/2"]
[WhiteElo "2071"]
[BlackElo "2318"]
[PlyCount "111"]
[EventDate "2020.12.18"]
[EventType "swiss"]
[EventRounds "5"]
[EventCountry "BRA"]
[SourceTitle "EXT 2022"]
[Source "ChessBase"]
[SourceDate "2021.10.06"]
[SourceVersion "1"]
[SourceVersionDate "2021.10.06"]
[SourceQuality "1"]

1. e4 e5 2. Nf3 Nc6 3. Bc4 Nf6 4. d3 Bc5 5. c3 d6 6. 0-0 a6 7. Bb3 Ba7 8. Nbd2 h6 9. Nc4 g5 10. Be3 g4 11. Ne1 h5 12. Bxa7 Nxa7 13. f4 Qe7 14. Nc2 Bd7 15. d4 exf4 16. e5 dxe5 17. Nxe5 Be6 18. Bxe6 Qxe6 19. Re1 0-0-0 20. Ng6 Qd6 21. Nxh8 Rxh8 22. Qd3 Nc6 23. Na3 f3 24. Qf5+ Nd7 25. Nc4 Qh6 26. d5 Na5 27. Re7 Rd8 28. Rxd7 Rxd7 29. Re1 Kb8 30. Qxd7 Nxc4 31. Qe8+ Ka7 32. Qe4 Nd6 33. Qd4+ b6 34. a4 a5 35. b4 Qg6 36. bxa5 Qc2 37. axb6+ cxb6 38. Qf2 Qxc3 39. gxf3 gxf3 40. a5 Qxa5 41. Re7+ Ka6 42. Qxf3 Qc5+ 43. Kg2 f5 44. Re6 b5 45. Qxf5 Ka5 46. Qe5 Nc4 47. Qa1+ Kb4 48. Qe1+ Kb3 49. Qg3+ Kb4 50. Qf3 Qd4 51. Qxh5 Ne3+ 52. Rxe3 Qxe3 53. Qf3 Qxf3+ 54. Kxf3 Kc5 55. d6 Kxd6 56. Ke4 1/2-1/2

[Event "Jacarei op 1st"]
[Site "Jacarei"]
[Date "2018.09.16"]
[Round "4"]
[White "Costa, Flavio Luis Cesar"]
[Black "Nery Junior, Jose Antonio"]
[Result "0-1"]
[WhiteElo "2118"]
[BlackElo "2106"]
[PlyCount "74"]
[EventDate "2018.09.15"]
[EventType "swiss"]
[EventRounds "5"]
[EventCountry "BRA"]
[SourceTitle "CBM 186 Extra"]
[Source "ChessBase"]
[SourceDate "2018.08.24"]
[SourceVersion "1"]
[SourceVersionDate "2018.08.24"]
[SourceQuality "1"]

1. e4 c5 2. Nf3 e6 3. d4 cxd4 4. Nxd4 Nf6 5. Nc3 d6 6. g4 h6 7. h3 Nc6 8. Be3 d5 9. Bb5 Bd7 10. exd5 exd5 11. a3 Bd6 12. Nf5 Bxf5 13. gxf5 0-0 14. Rg1 Re8 15. Kf1 Kh7 16. Nxd5 Bh2 17. Nxf6+ Qxf6 18. Bxc6 Rxe3 19. fxe3 Bxg1 20. Kxg1 bxc6 21. Qd4 Qg5+ 22. Kh1 Qg3 23. Qg4 Qxe3 24. Rg1 Qe5 25. Rd1 Qxb2 26. Qe4 Qf6 27. c4 Rb8 28. c5 Rb3 29. Rd3 Qa1+ 30. Kg2 Rb2+ 31. Kg3 Qg1+ 32. Kf4 Qh2+ 33. Kg4 Rg2+ 34. Kh4 Re2 35. Qg4 Qe5 36. Rd4 Re3 37. Rf4 Qf6+ 0-1

[Event "Jacarei op 1st"]
[Site "Jacarei"]
[Date "2018.09.15"]
[Round "1"]
[White "Nobre, Jose Adalberto Barb"]
[Black "Costa, Flavio Luis Cesar"]
[Result "0-1"]
[WhiteElo "1634"]
[BlackElo "2118"]
[PlyCount "35"]
[EventDate "2018.09.15"]
[EventType "swiss"]
[EventRounds "5"]
[EventCountry "BRA"]
[SourceTitle "CBM 186 Extra"]
[Source "ChessBase"]
[SourceDate "2018.08.24"]
[SourceVersion "1"]
[SourceVersionDate "2018.08.24"]
[SourceQuality "1"]

1. e4 c5 2. Nc3 g6 3. f4 Bg7 4. Nf3 Nc6 5. Bb5 Nd4 6. d3 e6 7. 0-0 Ne7 8. e5 a6 9. Bc4 d6 10. exd6 Qxd6 11. Ne4 Qc7 12. c3 Ndf5 13. Qe1 0-0 14. g4 Nd6 15. Qh4 b5 16. Bb3 c4 17. Bc2 cxd3 18. Bb3 0-1

[Event "Florianopolis op 3rd"]
[Site "Florianopolis"]
[Date "2017.01.20"]
[Round "1"]
[White "Costa, Flavio Luis Cesar"]
[Black "Valcarcel, Victor Ignacio Sant"]
[Result "1/2-1/2"]
[WhiteElo "1958"]
[BlackElo "1660"]
[PlyCount "103"]
[EventDate "2017.01.20"]
[EventType "swiss"]
[EventRounds "10"]
[EventCountry "BRA"]
[SourceTitle "CBM 176 Extra"]
[Source "ChessBase"]
[SourceDate "2017.03.02"]
[SourceVersion "1"]
[SourceVersionDate "2017.03.02"]
[SourceQuality "1"]

1. e4 e5 2. Nf3 Nc6 3. Bc4 Bc5 4. c3 Nf6 5. d3 0-0 6. 0-0 d5 7. exd5 Nxd5 8. Re1 Bg4 9. h3 Bh5 10. Nbd2 Bb6 11. Nf1 Qd6 12. Ng3 Bg6 13. Ne4 Qd7 14. Nh4 Nde7 15. Nxg6 Nxg6 16. Qh5 Na5 17. Ng5 h6 18. Qxg6 hxg5 19. Qxg5 Nxc4 20. dxc4 Qc6 21. b3 a5 22. Be3 Bxe3 23. Rxe3 f6 24. Qg6 a4 25. Rd1 axb3 26. Rg3 Rf7 27. axb3 Qe6 28. Qe4 c6 29. Rgd3 Raf8 30. Rd6 Qe7 31. Qf5 Qc7 32. b4 Re7 33. c5 Ref7 34. g4 Qc8 35. Qxc8 Rxc8 36. Kg2 Re7 37. Kf3 Kf7 38. Ke4 Rh8 39. R1d3 g6 40. Rd8 Rh4 41. Rf3 Kg7 42. Ke3 e4 43. Rg3 Kf7 44. Kf4 g5+ 45. Ke3 Ke6 46. Kd4 f5 47. gxf5+ Kxf5 48. Ke3 Reh7 49. Rf8+ Ke6 50. Rxg5 Rxh3+ 51. Kxe4 R3h4+ 52. f4 1/2-1/2

[Event "Sao Jose dos Campos op"]
[Site "Sao Jose dos Campos"]
[Date "2012.12.02"]
[Round "6"]
[White "Hirota da Silva, Nilton Jose"]
[Black "Costa, Flavio Luis Cesar"]
[Result "1/2-1/2"]
[WhiteElo "2056"]
[BlackElo "2043"]
[PlyCount "53"]
[EventDate "2012.11.29"]
[EventType "swiss"]
[EventRounds "7"]
[EventCountry "BRA"]
[SourceTitle "EXT 2014"]
[Source "ChessBase"]
[SourceDate "2013.11.20"]
[SourceVersion "1"]
[SourceVersionDate "2013.11.20"]
[SourceQuality "1"]

1. d4 Nf6 2. e3 g6 3. f4 Bg7 4. Nf3 d6 5. b3 c5 6. Bb2 cxd4 7. exd4 Qa5+ 8. Qd2 Qh5 9. Nc3 0-0 10. Be2 Qf5 11. 0-0-0 Qa5 12. Kb1 d5 13. Rhe1 Nc6 14. Bb5 e6 15. a4 Bd7 16. Ne5 Qc7 17. Bxc6 Bxc6 18. g4 Nd7 19. h4 f6 20. Nd3 Rae8 21. h5 gxh5 22. gxh5 Bh6 23. Ba3 Rf7 24. Qg2+ Kh8 25. Qh3 f5 26. Qf3 Rg7 27. Rg1 1/2-1/2

[Event "Sao Jose dos Campos op"]
[Site "Sao Jose dos Campos"]
[Date "2012.12.01"]
[Round "5"]
[White "Costa, Flavio Luis Cesar"]
[Black "Cipolli, Antonio Carlos Rodr"]
[Result "1/2-1/2"]
[WhiteElo "2043"]
[BlackElo "2103"]
[PlyCount "71"]
[EventDate "2012.11.29"]
[EventType "swiss"]
[EventRounds "7"]
[EventCountry "BRA"]
[SourceTitle "EXT 2014"]
[Source "ChessBase"]
[SourceDate "2013.11.20"]
[SourceVersion "1"]
[SourceVersionDate "2013.11.20"]
[SourceQuality "1"]

1. e4 e5 2. Nf3 Nc6 3. Bb5 Bc5 4. 0-0 Nge7 5. c3 Bb6 6. Re1 0-0 7. a4 a6 8. Bc4 d6 9. h3 Be6 10. Na3 d5 11. exd5 Nxd5 12. d4 exd4 13. cxd4 Qf6 14. Nc2 h6 15. Ra3 Rad8 16. Ba2 Ba5 17. Bd2 Bb6 18. Bc1 a5 19. Bb1 Bf5 20. Be3 Rfe8 21. Rb3 Be4 22. Bc1 Re7 23. Bd2 Rde8 24. Rf1 Nf4 25. Bxf4 Qxf4 26. Re3 Bd5 27. Rfe1 Rxe3 28. Rxe3 Rxe3 29. fxe3 Qg3 30. Nce1 Be6 31. Kf1 Nb4 32. Nd3 c6 33. Nxb4 axb4 34. Qe1 Qxe1+ 35. Kxe1 Bb3 36. Bf5 1/2-1/2

[Event "Sao Jose dos Campos op"]
[Site "Sao Jose dos Campos"]
[Date "2012.11.30"]
[Round "2"]
[White "Sousa, Fabio de Fatima"]
[Black "Costa, Flavio Luis Cesar"]
[Result "0-1"]
[WhiteElo "1783"]
[BlackElo "2043"]
[PlyCount "40"]
[EventDate "2012.11.29"]
[EventType "swiss"]
[EventRounds "7"]
[EventCountry "BRA"]
[SourceTitle "EXT 2014"]
[Source "ChessBase"]
[SourceDate "2013.11.20"]
[SourceVersion "1"]
[SourceVersionDate "2013.11.20"]
[SourceQuality "1"]

1. e4 e5 2. Nf3 Nc6 3. Bb5 f5 4. d3 fxe4 5. dxe4 Nf6 6. 0-0 Bc5 7. Bg5 d6 8. Nc3 0-0 9. Nd5 Kh8 10. h3 Nd4 11. Nxd4 Bxd4 12. Nxf6 gxf6 13. Bc1 f5 14. c3 Bb6 15. exf5 Bxf5 16. Bd3 Qh4 17. Be3 Bxh3 18. Bxb6 Bxg2 19. Kxg2 Qg5+ 20. Kh3 Rf4 0-1

[Event "BRA CEAX op 3rd"]
[Site "Vitoria"]
[Date "2003.08.16"]
[Round "2"]
[White "Nunes, Jose BL"]
[Black "Costa, Flavio Luis Cesar"]
[Result "1-0"]
[WhiteElo "1815"]
[BlackElo "1800"]
[PlyCount "29"]
[EventDate "2003.08.??"]
[EventType "swiss"]
[EventRounds "6"]
[EventCountry "BRA"]
[SourceTitle "EXT 2006"]
[Source "ChessBase"]
[SourceDate "2005.11.24"]
[SourceVersion "1"]
[SourceVersionDate "2005.11.24"]
[SourceQuality "1"]

1. f4 e6 2. Nf3 Be7 3. b3 f5 4. Bb2 Nf6 5. d3 0-0 6. Nc3 Nc6 7. Qd2 Ng4 8. 0-0-0 Nf2 9. Rg1 Nxd1 10. Nxd1 Nb4 11. Kb1 a5 12. g4 b5 13. gxf5 exf5 14. Rxg7+ Kh8 15. Rxe7+ 1-0